[Event "4NCL 3 South pool D"]
[Site "Daventry, ENG"]
[Date "2019.05.06"]
[Round "11.63"]
[White "Habershon, Paul F"]
[Black "Jones, Christopher M"]
[Result "0-1"]
[WhiteElo "2015"]
[BlackElo "2113"]
[PlyCount "72"]
[EventDate "2019.05.06"]
[WhiteTeam "MK Phoenix 1"]
[BlackTeam "The Rookies"]

1. e4 e5 2. Nf3 Nc6 3. d4 exd4 4. Nxd4 Nf6 5. Nxc6 bxc6 6. e5 Qe7 7. Qe2 Nd5 8.
c4 Ba6 9. Nd2 g6 10. b3 Bg7 11. Bb2 O-O 12. Qe4 Nb6 13. Bd3 d5 14. Qe2 dxc4 15.
Nxc4 Bxc4 16. Bxc4 Nxc4 17. Qxc4 Bxe5 18. O-O-O Qg5+ 19. Kb1 Bxb2 20. Kxb2 Qxg2
21. Ka3 Rad8 22. Qc5 Qf3 23. Rxd8 Rxd8 24. Rc1 Qe2 25. Rc2 Rd2 26. Rxd2 Qxd2
27. Qxa7 Qd6+ 28. Ka4 Qxh2 29. Qa8+ Kg7 30. Qxc6 Qxf2 31. Qc3+ Kg8 32. a3 Qa7+
33. Kb4 Qb6+ 34. Ka4 h5 35. b4 h4 36. Kb3 Qd6 0-1

[Event "4NCL 3 South pool D"]
[Site "Daventry, ENG"]
[Date "2019.05.06"]
[Round "11.64"]
[White "Compton, Alistair"]
[Black "Smith, Graham"]
[Result "1-0"]
[WhiteElo "2023"]
[BlackElo "2021"]
[PlyCount "21"]
[EventDate "2019.05.06"]
[WhiteTeam "The Rookies"]
[BlackTeam "MK Phoenix 1"]

1. e4 Nc6 2. Nf3 Nf6 3. e5 Ng4 4. d4 d6 5. h3 Nh6 6. Bb5 Bd7 7. e6 fxe6 8. Bxh6
gxh6 9. Ng5 Ne5 10. Nxe6 Qc8 11. Bxd7+ 1-0

[Event "4NCL 3 South pool D"]
[Site "Daventry, ENG"]
[Date "2019.05.06"]
[Round "11.65"]
[White "Freeman, Richard C P"]
[Black "Jaszkiwskyj, Peter"]
[Result "1-0"]
[WhiteElo "1999"]
[BlackElo "1919"]
[PlyCount "23"]
[EventDate "2019.05.06"]
[WhiteTeam "MK Phoenix 1"]
[BlackTeam "The Rookies"]

1. d4 d5 2. Bf4 Nf6 3. e3 c5 4. dxc5 Nc6 5. Bb5 Qa5+ 6. Nc3 a6 7. Bxc6+ bxc6 8.
Qd4 Bf5 9. b4 Qa3 10. Nge2 e6 11. e4 Bxe4 12. Bc1 1-0

[Event "4NCL 3 South pool D"]
[Site "Daventry, ENG"]
[Date "2019.05.06"]
[Round "11.66"]
[White "Gibson, Christopher A"]
[Black "Reuben, Stewart"]
[Result "1/2-1/2"]
[WhiteElo "1887"]
[BlackElo "1974"]
[PlyCount "61"]
[EventDate "2019.05.06"]
[WhiteTeam "The Rookies"]
[BlackTeam "MK Phoenix 1"]

1. e4 c5 2. Nf3 Nc6 3. d4 cxd4 4. Nxd4 g6 5. c4 Bg7 6. Be3 Nf6 7. Nc3 Ng4 8.
Qxg4 Nxd4 9. Qd1 e5 10. Nb5 O-O 11. Qd2 Qb6 12. Bd3 d6 13. O-O Be6 14. b3 a6
15. Nxd4 exd4 16. Bh6 a5 17. Bxg7 Kxg7 18. Rad1 a4 19. Bc2 axb3 20. Bxb3 Rfc8
21. Qxd4+ Qxd4 22. Rxd4 Rc6 23. f3 Kf8 24. Rfd1 Ke7 25. R1d2 Ra5 26. Kf2 g5 27.
g3 Rac5 28. Ke3 Bxc4 29. Bxc4 Rxc4 30. Rxc4 Rxc4 31. Rb2 1/2-1/2

[Event "4NCL 3 South pool D"]
[Site "Daventry, ENG"]
[Date "2019.05.06"]
[Round "11.71"]
[White "Chan, Nevil"]
[Black "Downham, Alan F"]
[Result "1/2-1/2"]
[WhiteElo "2026"]
[BlackElo "1967"]
[PlyCount "54"]
[EventDate "2019.05.06"]
[WhiteTeam "Cambridge University 2"]
[BlackTeam "Iceni 2"]

1. d4 g6 2. Nc3 Bg7 3. e4 d6 4. Nf3 Nd7 5. Be2 e6 6. O-O Ne7 7. Be3 b6 8. Qd2
h6 9. Ne1 Bb7 10. f3 d5 11. e5 a6 12. Nd1 c5 13. c3 Nf5 14. Bf2 h5 15. Bd3 Bh6
16. Qe2 Qe7 17. a3 Bc6 18. g3 Ba4 19. Ng2 Bxd1 20. Raxd1 c4 21. Bc2 g5 22. Be3
b5 23. f4 Nxe3 24. Nxe3 gxf4 25. gxf4 O-O-O 26. Kh1 Qh4 27. Ng2 Qg4 1/2-1/2

[Event "4NCL 3 South pool D"]
[Site "Daventry, ENG"]
[Date "2019.05.06"]
[Round "11.72"]
[White "Szymanski, Mark"]
[Black "Webster, Peter A N"]
[Result "1/2-1/2"]
[WhiteElo "1823"]
[BlackElo "1887"]
[PlyCount "65"]
[EventDate "2019.05.06"]
[WhiteTeam "Iceni 2"]
[BlackTeam "Cambridge University 2"]

1. c4 e5 2. g3 f5 3. Nf3 Nc6 4. Nc3 Nf6 5. d3 Bc5 6. e3 O-O 7. a3 a5 8. Na4 Ba7
9. c5 d6 10. Qb3+ Kh8 11. Ng5 Qe7 12. Bd2 h6 13. h4 Bxc5 14. Nxc5 dxc5 15.
O-O-O a4 16. Qa2 g6 17. Bg2 hxg5 18. hxg5+ Nh7 19. f4 Be6 20. Bd5 Bxd5 21. Qxd5
Qd6 22. Qg2 Qxd3 23. Rh6 Rad8 24. Rdh1 Rf7 25. Rxg6 Rd4 26. Rgh6 Rfd7 27. g6
Rc4+ 28. Bc3 Na5 29. Qc2 Nb3+ 30. Kb1 Nd2+ 31. Kc1 Nb3+ 32. Kb1 Nd2+ 33. Kc1
1/2-1/2

[Event "4NCL 3 South pool D"]
[Site "Daventry, ENG"]
[Date "2019.05.06"]
[Round "11.73"]
[White "Patel, Rishi"]
[Black "Crombleholme, Alan K"]
[Result "1/2-1/2"]
[WhiteElo "1808"]
[BlackElo "1941"]
[PlyCount "55"]
[EventDate "2019.05.06"]
[WhiteTeam "Cambridge University 2"]
[BlackTeam "Iceni 2"]

1. e4 e6 2. d4 d5 3. Nd2 Nf6 4. e5 Nfd7 5. c3 c5 6. f4 Nc6 7. Ndf3 Qb6 8. Qb3
cxd4 9. Qxb6 Nxb6 10. Nxd4 Bd7 11. Ngf3 Be7 12. Be3 O-O 13. Be2 Na5 14. b3 Rac8
15. Rc1 Rc7 16. O-O Nc8 17. Bd2 b6 18. c4 dxc4 19. Bxa5 bxa5 20. Rxc4 Rxc4 21.
Bxc4 Nb6 22. Rc1 Rc8 23. Rc2 a4 24. Kf1 axb3 25. axb3 a5 26. Bd3 Rxc2 27. Nxc2
Nd5 28. g3 1/2-1/2

[Event "4NCL 3 South pool D"]
[Site "Daventry, ENG"]
[Date "2019.05.06"]
[Round "11.74"]
[White "Pack, James"]
[Black "Lim, Mark"]
[Result "0-1"]
[WhiteElo "1862"]
[BlackElo "1811"]
[PlyCount "54"]
[EventDate "2019.05.06"]
[WhiteTeam "Iceni 2"]
[BlackTeam "Cambridge University 2"]

1. e4 e6 2. d3 c5 3. g3 Nf6 4. Bg2 Be7 5. Ne2 O-O 6. O-O Nc6 7. c3 d5 8. Nd2 b5
9. f4 a5 10. e5 Ne8 11. c4 Nb4 12. d4 bxc4 13. Nxc4 Ba6 14. Na3 cxd4 15. Nxd4
Bxf1 16. Qxf1 Bc5 17. Be3 Nc6 18. Rd1 Nxd4 19. Bxd4 Qb6 20. Bxc5 Qxc5+ 21. Kh1
Rb8 22. Rd2 Qb4 23. Rc2 f6 24. Qe2 fxe5 25. Qxe5 Qd6 26. Qd4 Nc7 27. Nc4 Qb4
0-1

[Event "4NCL 3 South pool D"]
[Site "Daventry, ENG"]
[Date "2019.05.06"]
[Round "11.75"]
[White "Davis, Holden"]
[Black "Kenning, Paul H"]
[Result "0-1"]
[WhiteElo "1763"]
[BlackElo "1846"]
[PlyCount "94"]
[EventDate "2019.05.06"]
[WhiteTeam "Cambridge University 2"]
[BlackTeam "Iceni 2"]

1. e4 d6 2. d4 Nf6 3. Nc3 Nbd7 4. Be3 e5 5. dxe5 dxe5 6. Bd3 c6 7. Nge2 Ng4 8.
Qd2 Nxe3 9. Qxe3 Bc5 10. Qg3 O-O 11. O-O Qe7 12. Kh1 Nf6 13. Qh4 h6 14. Rae1
Ng4 15. Qxe7 Bxe7 16. h3 Nf6 17. f4 Nh5 18. g4 Nxf4 19. Nxf4 exf4 20. Rxf4 Bg5
21. Rf3 Be6 22. Ref1 Rad8 23. Ne2 Bf6 24. b3 b5 25. Nf4 Bc8 26. Nh5 Be5 27. Ng3
g6 28. Ne2 a6 29. a4 Bb7 30. Kg1 Rd7 31. h4 Rdd8 32. h5 Bc8 33. hxg6 fxg6 34.
Rxf8+ Rxf8 35. Rxf8+ Kxf8 36. g5 h5 37. axb5 cxb5 38. Kg2 Ke7 39. Ng1 Bc3 40.
Nf3 Kf7 41. Kg3 $11 Bg4 42. Nh2 Bd7 43. Nf3 a5 44. Kf4 a4 45. bxa4 bxa4 46.
Ne5+ Bxe5+ 47. Kxe5 Be6 0-1

[Event "4NCL 3 South pool D"]
[Site "Daventry, ENG"]
[Date "2019.05.06"]
[Round "11.81"]
[White "Fegan, Chris"]
[Black "Salmons, Calum"]
[Result "1-0"]
[WhiteElo "2038"]
[BlackElo "2117"]
[PlyCount "79"]
[EventDate "2019.05.06"]
[WhiteTeam "CSC 2"]
[BlackTeam "Sussex Martlets 2"]

1. d4 Nf6 2. c4 c5 3. Nf3 g6 4. Nc3 cxd4 5. Nxd4 Bg7 6. e4 d6 7. g3 Nc6 8. Bg2
Nxe4 9. Nxc6 Nxc3 10. Nxd8 Nxd1 11. Nxb7 Nxb2 12. Rb1 Bxb7 13. Bxb7 Rb8 14.
Bc6+ Kf8 15. Be3 Bc3+ 16. Ke2 Kg7 17. Rhc1 Bf6 18. Rc2 Rhc8 19. Be4 Rb4 20. Bd5
$11 e6 21. Bd2 Rbb8 22. Bf3 d5 23. Bf4 Rb4 24. c5 Rb5 25. c6 Rb6 26. c7 Nc4 27.
Rxb6 Nxb6 28. Kd1 Be7 29. Be2 g5 30. Ba6 Re8 31. Be3 Nc8 32. Rb2 Bd6 33. Rb8
Bxc7 34. Rxc8 Re7 35. Bc5 Bd6 36. Bxd6 Rd7 37. Be5+ Kg6 38. g4 f6 39. Bd3+ Kf7
40. Rc7 1-0

[Event "4NCL 3 South pool D"]
[Site "Daventry, ENG"]
[Date "2019.05.06"]
[Round "11.82"]
[White "Forster, Matthew"]
[Black "Amato, Giampiero"]
[Result "0-1"]
[WhiteElo "1997"]
[BlackElo "1994"]
[PlyCount "82"]
[EventDate "2019.05.06"]
[WhiteTeam "Sussex Martlets 2"]
[BlackTeam "CSC 2"]

1. c4 c5 2. g3 g6 3. Bg2 Bg7 4. Nc3 Nc6 5. a3 e6 6. Rb1 Nge7 7. b4 cxb4 8. axb4
O-O 9. Nf3 d6 10. O-O b6 11. d4 Bb7 12. Qd3 Re8 13. Ba3 Rc8 14. Rfd1 Qd7 15. e4
h6 16. c5 dxc5 17. bxc5 bxc5 18. Bxc5 Red8 19. Nb5 Ba6 20. Qa3 Bxb5 21. Rxb5
Nxd4 22. Rbb1 Nec6 23. e5 Nxf3+ 24. Bxf3 Qe8 25. Bd6 Nxe5 26. Bb7 Nc4 27. Qa6
Nxd6 28. Bxc8 Nxc8 29. Rxd8 Qxd8 30. Rb8 Qd1+ 31. Kg2 Qd5+ 32. f3 Qd2+ 33. Kh3
Kh7 34. Qxc8 g5 35. Qg8+ Kg6 36. Rb7 g4+ 37. fxg4 Qf2 38. Rb3 Qf1+ 39. Kh4 Qg2
40. g5 hxg5+ 41. Kg4 f5# 0-1

[Event "4NCL 3 South pool D"]
[Site "Daventry, ENG"]
[Date "2019.05.06"]
[Round "11.83"]
[White "Fowler, David"]
[Black "Batchelor, Paul A"]
[Result "1/2-1/2"]
[WhiteElo "1969"]
[BlackElo "2035"]
[PlyCount "122"]
[EventDate "2019.05.06"]
[WhiteTeam "CSC 2"]
[BlackTeam "Sussex Martlets 2"]

1. d4 Nf6 2. Nc3 d5 3. Bg5 Nbd7 4. Qd3 c6 5. e4 dxe4 6. Nxe4 Nxe4 7. Qxe4 Qa5+
8. Bd2 Qb6 9. Rb1 Nf6 10. Qe5 Nd7 11. Qg3 Qxd4 12. Nf3 Qe4+ 13. Kd1 Nf6 14. Bd3
Qg4 15. Qxg4 Bxg4 16. Ke2 e6 17. b4 Be7 18. b5 c5 19. c4 Bh5 20. h3 Bg6 21.
Bxg6 hxg6 22. Bc3 O-O 23. Bxf6 Bxf6 24. Rhd1 Rfd8 25. a4 Bc3 26. Ng5 Kf8 27.
Ne4 Bb4 28. Ke3 Ke7 29. f3 f5 30. Nf2 Bc3 31. Ke2 Bd4 32. Nd3 Rd6 33. Nc1 Rad8
34. Nb3 e5 35. Rd3 R8d7 36. Rf1 b6 37. a5 Ke6 38. a6 Ke7 39. Rfd1 Kf6 40. Nd2
Ke6 41. g4 Rd8 42. Nb3 Kf6 43. h4 Rh8 44. g5+ Ke6 45. Rh1 Ke7 46. Rdd1 Kf7 47.
Nd2 Rdd8 48. Nf1 e4 49. fxe4 fxe4 50. Ng3 Rhe8 51. Rhf1+ Kg8 52. h5 Rd6 53.
hxg6 Rxg6 54. Rf5 Rge6 55. Rdf1 g6 56. Rd5 R6e7 57. Rf4 Be5 58. Rg4 Bd4 59. Rf4
Kg7 60. Rg4 Kg8 61. Rf4 Be5 1/2-1/2

[Event "4NCL 3 South pool D"]
[Site "Daventry, ENG"]
[Date "2019.05.06"]
[Round "11.84"]
[White "Graham, William M"]
[Black "Frostick, Helen M"]
[Result "1-0"]
[WhiteElo "1997"]
[BlackElo "1951"]
[PlyCount "115"]
[EventDate "2019.05.06"]
[WhiteTeam "Sussex Martlets 2"]
[BlackTeam "CSC 2"]

1. c4 c5 2. g3 g6 3. Bg2 Bg7 4. Nc3 Nc6 5. e4 e6 6. Nge2 Nge7 7. O-O O-O 8. d3
d6 9. Be3 Nd4 10. f4 Nxe2+ 11. Qxe2 Nc6 12. Rab1 Bd4 13. a3 a6 14. Qf2 Rb8 15.
Ne2 Bxe3 16. Qxe3 b6 17. b4 cxb4 18. axb4 Qc7 19. b5 Ne7 20. bxa6 Bxa6 21. Nc3
Qc5 22. Qf2 Rfc8 23. Rb3 Nc6 24. Rfb1 Nd4 25. Na4 Nxb3 26. Nxc5 Nxc5 27. Bf1 b5
28. cxb5 Rxb5 29. Rxb5 Bxb5 30. Qd4 Rc6 31. Kf2 Ra6 32. e5 Nb7 33. Qb4 Ra2+ 34.
Ke3 Bc6 35. exd6 Bd5 36. d7 Ra8 37. Be2 Rd8 38. Qe7 Bc6 39. Bf3 Bxf3 40. Kxf3
Kg7 41. Ke4 Nc5+ 42. Qxc5 Rxd7 43. Qe5+ Kg8 44. g4 h6 45. f5 gxf5+ 46. gxf5 Rd5
47. Qb8+ Kg7 48. fxe6 fxe6 49. d4 h5 50. h4 Kf7 51. Qb7+ Ke8 52. Qxd5 exd5+ 53.
Kxd5 Kd7 54. Ke5 Ke7 55. Kf5 Kd6 56. Kg5 Kd5 57. Kxh5 Kxd4 58. Kg6 1-0

[Event "4NCL 3 South pool D"]
[Site "Daventry, ENG"]
[Date "2019.05.06"]
[Round "11.85"]
[White "Stayt, James N"]
[Black "Finn, Thomas"]
[Result "1-0"]
[WhiteElo "1919"]
[BlackElo "1960"]
[PlyCount "123"]
[EventDate "2019.05.06"]
[WhiteTeam "CSC 2"]
[BlackTeam "Sussex Martlets 2"]

1. e4 e5 2. Nf3 Nc6 3. Bb5 a6 4. Ba4 Nf6 5. d4 exd4 6. O-O b5 7. Bb3 Be7 8. e5
Ne4 9. Bd5 Nc5 10. Nxd4 Bb7 11. Nf5 Bf8 12. Re1 Ne6 13. Nc3 g6 14. Ng3 Bg7 15.
f4 Qh4 16. Rf1 O-O-O 17. Be3 Bh6 18. Qf3 Kb8 19. Rad1 Rhf8 20. Nge4 Bg7 21. Nc5
Nxc5 22. Bxc5 Rfe8 23. Ne4 f6 24. g3 Qh3 25. exf6 Bf8 26. Bxf8 Rxf8 27. f7 Qh6
28. Nc5 Qh3 29. Rfe1 Qf5 30. Nxb7 Kxb7 31. Qe4 Qf6 32. c3 h5 33. h4 Kb8 34. a4
Na7 35. axb5 Nxb5 36. Ra1 Qb6+ 37. Kh1 Ka7 38. Qb4 c6 39. Bc4 Qf2 40. Bxb5 cxb5
41. Qd6 Qf3+ 42. Kh2 Qc6 43. Rad1 Kb7 44. Re7 a5 45. Rxd7+ Rxd7 46. Qxd7+ Qxd7
47. Rxd7+ Kc6 48. Ra7 Kb6 49. Re7 a4 50. Kg2 Kc5 51. Kf2 b4 52. cxb4+ Kxb4 53.
Ke3 Kc5 54. Ke4 Kd6 55. Ra7 Ke6 56. Rxa4 Kxf7 57. Rb4 Re8+ 58. Kd3 Re6 59. Rd4
Kf6 60. Rd5 Rc6 61. b4 Rc1 62. Kd4 1-0

[Event "4NCL 3 South pool D"]
[Site "Daventry, ENG"]
[Date "2019.05.06"]
[Round "11.86"]
[White "Michaud, Gerald"]
[Black "Mashayekh, Majid"]
[Result "1/2-1/2"]
[WhiteElo "1848"]
[BlackElo "1902"]
[PlyCount "106"]
[EventDate "2019.05.06"]
[WhiteTeam "Sussex Martlets 2"]
[BlackTeam "CSC 2"]

1. d4 Nf6 2. c4 e6 3. Nc3 d5 4. Bg5 Nbd7 5. Nf3 Be7 6. e3 c6 7. Qc2 O-O 8. a3
Re8 9. Bd3 h6 10. Bh4 Nh5 11. Bxe7 Qxe7 12. O-O dxc4 13. Bxc4 Nhf6 14. h3 e5
15. Rfe1 e4 16. Nd2 Nb6 17. Bf1 Nbd5 18. Na4 Bf5 19. Rac1 g5 20. g3 Kg7 21. Bg2
Bg6 22. Nc5 b6 23. Na4 Rac8 24. b4 Rc7 25. Qb3 Rec8 26. Rc2 Bf5 27. Rec1 Be6
28. Qb2 Qd7 29. Kh2 c5 30. b5 cxd4 31. Rxc7 Rxc7 32. Rxc7 Nxc7 33. Nxe4 Nxb5
34. Nxf6 Kxf6 35. exd4 Nxd4 36. Nc3 Kg6 37. Nd5 Bxd5 38. Qxd4 Be6 39. Qh8 f5
40. Qa8 a5 41. Bc6 Qc8 42. Qxc8 Bxc8 43. f4 Be6 44. Kg2 Kf6 45. Kf3 Bc4 46.
fxg5+ hxg5 47. a4 Bb3 48. h4 Bd1+ 49. Kf2 f4 50. hxg5+ Kxg5 51. gxf4+ Kxf4 52.
Ke1 Bf3 53. Bxf3 Kxf3 1/2-1/2

[Event "4NCL 3 South pool D"]
[Site "Daventry, ENG"]
[Date "2019.04.14"]
[Round "8.51"]
[White "Forster, Matthew"]
[Black "Hall, John"]
[Result "0-1"]
[WhiteElo "1997"]
[BlackElo "2207"]
[PlyCount "104"]
[EventDate "2019.04.14"]
[WhiteTeam "Sussex Martlets 2"]
[BlackTeam "Leeds University Old Boys"]

1. c4 Nf6 2. g3 e5 3. Bg2 c6 4. d4 exd4 5. Qxd4 d5 6. Nf3 Be6 7. O-O dxc4 8.
Qxd8+ Kxd8 9. Ng5 Nbd7 10. Nd2 Ne5 11. Rd1 Ke8 12. Nxe6 fxe6 13. Nf3 Nxf3+ 14.
Bxf3 Be7 15. Be3 Nd5 16. Bd4 Bf6 17. Rac1 Rd8 18. Bxf6 Nxf6 19. Rxd8+ Kxd8 20.
Rxc4 Kc7 21. b4 a6 22. h4 h6 23. a4 Rd8 24. b5 axb5 25. axb5 Rd6 26. Kg2 Kb6
27. bxc6 bxc6 28. e3 e5 29. g4 g5 30. Kg3 Re6 31. Bd1 Rd6 32. hxg5 hxg5 33. Bc2
Kb5 34. Rc3 c5 35. Rb3+ Kc4 36. Rb7 Kc3 37. Bf5 c4 38. Re7 e4 39. f3 Rd3 40.
fxe4 Rxe3+ 41. Kf2 Kd4 42. Rg7 c3 43. e5 Rxe5 44. Rc7 Rc5 45. Rxc5 Kxc5 46. Ke2
Kd4 47. Kd1 Nd5 48. Kc1 Ne3 49. Bc8 Kc4 50. Bd7 c2 51. Bc8 Kc3 52. Be6 Ng2 0-1

[Event "4NCL 3 South pool D"]
[Site "Daventry, ENG"]
[Date "2019.04.14"]
[Round "8.52"]
[White "Pickard, Charles"]
[Black "Batchelor, Paul A"]
[Result "1-0"]
[WhiteElo "2155"]
[BlackElo "2035"]
[PlyCount "113"]
[EventDate "2019.04.14"]
[WhiteTeam "Leeds University Old Boys"]
[BlackTeam "Sussex Martlets 2"]

1. c4 g6 2. Nf3 Bg7 3. d4 Nf6 4. g3 O-O 5. Bg2 d6 6. O-O Nc6 7. Nc3 Bf5 8. Nh4
Bd7 9. h3 a6 10. Nf3 Rb8 11. a4 a5 12. e4 e5 13. dxe5 Nxe5 14. Nxe5 dxe5 15.
Bg5 h6 16. Be3 Be6 17. Nd5 Nd7 18. Qd2 Kh7 19. Qxa5 b6 20. Qb4 Re8 21. Rfd1 Bf8
22. Qc3 Qc8 23. b4 c6 24. Qb2 f6 25. Rac1 Qb7 26. Nxf6+ Nxf6 27. Qxe5 Bg7 28.
Qf4 g5 29. Qd6 Bf8 30. Qd4 Nd7 31. Qb2 c5 32. e5 Qc7 33. Qc2+ Kh8 34. bxc5 bxc5
35. f4 gxf4 36. gxf4 Bg7 37. Qg6 Nf8 38. Qe4 Rbc8 39. Rf1 Bg8 40. Qb7 Re7 41.
Qb5 Nd7 42. Rfd1 Be6 43. Rd6 Nxe5 44. fxe5 Bxe5 45. Rc6 Qd8 46. Qxc5 Bg7 47.
Rxc8 Bxc8 48. Qb6 Qe8 49. Bd4 Re1+ 50. Rxe1 Qxe1+ 51. Kh2 Be5+ 52. Bxe5+ Qxe5+
53. Kh1 Qa1+ 54. Qg1 Qxa4 55. Qd4+ Kg8 56. Bd5+ Kf8 57. Qf6+ 1-0

[Event "4NCL 3 South pool D"]
[Site "Daventry, ENG"]
[Date "2019.04.14"]
[Round "8.53"]
[White "Graham, William M"]
[Black "Mossong, Hubert"]
[Result "1-0"]
[WhiteElo "1997"]
[BlackElo "2066"]
[PlyCount "133"]
[EventDate "2019.04.14"]
[WhiteTeam "Sussex Martlets 2"]
[BlackTeam "Leeds University Old Boys"]

1. c4 d6 2. g3 c6 3. Bg2 Nf6 4. Nc3 e5 5. e4 Be6 6. d3 Be7 7. Nf3 h6 8. O-O O-O
9. b3 c5 10. Nd5 Nc6 11. Ne1 Bxd5 12. cxd5 Nd4 13. Nc2 Nxc2 14. Qxc2 Nd7 15. f4
Bf6 16. Rb1 Rc8 17. Qe2 Rc7 18. Be3 b5 19. Rfc1 Nb6 20. b4 exf4 21. gxf4 Na4
22. bxc5 Nc3 23. Rxc3 Bxc3 24. Rxb5 dxc5 25. Rxc5 Qc8 26. Qf2 Be1 27. Qc2 Rxc5
28. Qxc5 a5 29. Qxc8 Rxc8 30. d6 Bh4 31. e5 g6 32. Bd5 Rc3 33. Bc4 Bd8 34. Ba7
Rc1+ 35. Kg2 Rb1 36. Kf3 h5 37. Be3 h4 38. Bf2 Rb2 39. h3 Kf8 40. a4 g5 41.
fxg5 Bxg5 42. Bb5 Bd8 43. Be3 Rh2 44. Bd7 Rb2 45. Bh6+ Kg8 46. Ke4 Kh7 47. Bf4
Kg6 48. Kd5 Rb3 49. d4 Rf3 50. Ke4 Rb3 51. Bd2 Rb2 52. Kd3 Bb6 53. Bc3 Rb1 54.
Kc4 Rc1 55. d5 Bd8 56. Kd3 Rd1+ 57. Ke4 Rc1 58. Bd4 Re1+ 59. Kd3 Rd1+ 60. Kc4
Rc1+ 61. Bc3 Bg5 62. Kd3 Rd1+ 63. Ke4 Bd8 64. Bd4 Re1+ $11 65. Kf3 Rd1 66. e6
fxe6 67. dxe6 1-0

[Event "4NCL 3 South pool D"]
[Site "Daventry, ENG"]
[Date "2019.04.14"]
[Round "8.54"]
[White "Birkin, Mark H"]
[Black "Bennet-Stevens, Lucy"]
[Result "1-0"]
[WhiteElo "1969"]
[BlackElo "1990"]
[PlyCount "101"]
[EventDate "2019.04.14"]
[WhiteTeam "Leeds University Old Boys"]
[BlackTeam "Sussex Martlets 2"]

1. e4 c5 2. Nf3 e6 3. d3 Nc6 4. g3 a6 5. Bg2 b5 6. O-O Bb7 7. Nbd2 Be7 8. Re1
d6 9. h4 Nf6 10. e5 dxe5 11. Nxe5 Qc7 12. Ng4 O-O 13. Nxf6+ Bxf6 14. Ne4 Be7
15. a3 Rad8 16. Bd2 b4 17. Qh5 Nd4 18. Bf4 Qc8 19. Rac1 f6 20. axb4 cxb4 21.
Qd1 e5 22. Be3 f5 23. Ng5 Bxg2 24. Kxg2 Qc6+ 25. f3 h6 26. Nh3 Qg6 27. Bf2 Nc6
28. Kh2 Qf6 29. Qe2 g5 30. f4 exf4 31. Qe6+ Kg7 32. gxf4 g4 33. Ng1 Bd6 34.
Qxf6+ Kxf6 35. Kg3 Rfe8 36. c3 b3 37. Ne2 Bc7 38. Bd4+ Kf7 39. Rcd1 Ba5 40. Bc5
Rd5 41. Bf2 Rb5 42. d4 Ne7 43. Nc1 Reb8 44. Nd3 Rd5 45. Nc5 Rd6 46. Ra1 Nc6 47.
Nxa6 Rb5 48. Nc5 Bb6 49. Nd3 Na5 50. Ne5+ Kf6 51. c4 1-0

[Event "4NCL 3 South pool D"]
[Site "Daventry, ENG"]
[Date "2019.04.14"]
[Round "8.55"]
[White "Finn, Thomas"]
[Black "Taylor, Mark V"]
[Result "0-1"]
[WhiteElo "1960"]
[BlackElo "1911"]
[PlyCount "68"]
[EventDate "2019.04.14"]
[WhiteTeam "Sussex Martlets 2"]
[BlackTeam "Leeds University Old Boys"]

1. Nf3 e6 2. d4 f5 3. c4 Nf6 4. Nc3 Be7 5. g3 O-O 6. Bg2 a5 7. O-O Ne4 8. Qc2
Nxc3 9. Qxc3 Bf6 10. Qc2 d6 11. Rd1 Qe7 12. e3 Nd7 13. b3 e5 14. Qxf5 e4 15.
Nd2 Nc5 16. Qh5 g6 17. Qe2 h5 18. h3 Bf5 19. g4 hxg4 20. hxg4 Bd7 21. dxc5 Bxa1
22. Nxe4 Qh4 23. f3 Be5 24. Nf2 Bh2+ 25. Kf1 Bg3 26. cxd6 cxd6 27. Qd3 Kh7 28.
Ke2 Bc6 29. Rh1 Bh2 30. Qxd6 Rxf3 31. Qc7+ Kg8 32. Bxf3 Bxf3+ 33. Ke1 Bxh1 34.
Qb6 Bc6 0-1

[Event "4NCL 3 South pool D"]
[Site "Daventry, ENG"]
[Date "2019.04.14"]
[Round "8.56"]
[White "Hickman, John E"]
[Black "Michaud, Gerald"]
[Result "0-1"]
[WhiteElo "1900"]
[BlackElo "1848"]
[PlyCount "88"]
[EventDate "2019.04.14"]
[WhiteTeam "Leeds University Old Boys"]
[BlackTeam "Sussex Martlets 2"]

1. e4 e6 2. d3 d5 3. Nd2 c5 4. Ngf3 Nc6 5. g3 Nf6 6. Bg2 Be7 7. O-O O-O 8. Re1
b5 9. e5 Nd7 10. Nf1 a5 11. h4 h6 12. h5 f5 13. exf6 Nxf6 14. Nh4 Bd6 15. c4
Nd4 16. Ne3 Bb7 17. cxb5 Qc7 18. Ng6 Rf7 19. a4 Re8 20. Bd2 e5 21. Bc3 e4 22.
Bxd4 cxd4 23. Nf5 Bb4 24. Re2 e3 25. f4 Nxh5 26. Rc1 Qb8 27. Ngh4 Nxg3 28. Nxg3
Qxf4 29. Nhf5 g6 30. Qf1 Qg5 31. Rc6 Kh7 32. Rxg6 Qxg6 33. Bh3 Bc8 34. Rg2 Qf6
35. Nh5 Qe5 36. Nhg3 Ref8 37. Qe2 Bxf5 38. Nxf5 Rxf5 39. Bxf5+ Qxf5 40. b6 Rf7
41. Rg4 Bd6 42. Qg2 Qxg4 43. Qxg4 Rg7 44. Qxg7+ Kxg7 0-1

[Event "4NCL 3 South pool D"]
[Site "Daventry, ENG"]
[Date "2019.04.14"]
[Round "8.61"]
[White "Calvert, D Ian"]
[Black "Brown, Alan M"]
[Result "1/2-1/2"]
[WhiteElo "1921"]
[BlackElo "2040"]
[PlyCount "85"]
[EventDate "2019.04.14"]
[WhiteTeam "Iceni 2"]
[BlackTeam "MK Phoenix 1"]

1. b3 d5 2. Bb2 c5 3. e3 Nc6 4. Bb5 Qb6 5. c4 dxc4 6. bxc4 Bd7 7. Nf3 a6 8.
Bxc6 Bxc6 9. Qb3 Qd8 10. O-O Nf6 11. Ne5 Qc7 12. d4 e6 13. Nxc6 Qxc6 14. Nd2
Be7 15. Rac1 O-O 16. Rfd1 Rfd8 17. Nf3 Rab8 18. Ne5 Qc7 19. a4 Bd6 20. f4 Nd7
21. Nxd7 Rxd7 22. d5 exd5 23. Rxd5 Rbd8 24. Rcd1 Bf8 25. Be5 Qc6 26. e4 f6 27.
Bb2 Qc7 28. g3 Rxd5 29. Rxd5 Rxd5 30. exd5 Bd6 31. Qe3 Qe7 32. Kf2 Qxe3+ $11
33. Kxe3 Kf7 34. g4 g6 35. h3 Ke7 36. Ke4 Kf7 37. Bc1 Ke7 38. h4 h5 39. g5 f5+
40. Ke3 Kd7 41. Bb2 Ke7 42. Be5 Kd7 43. Bxd6 1/2-1/2

[Event "4NCL 3 South pool D"]
[Site "Daventry, ENG"]
[Date "2019.04.14"]
[Round "8.62"]
[White "Smith, Graham"]
[Black "Ortiz Sanchez, Luis"]
[Result "1/2-1/2"]
[WhiteElo "2021"]
[BlackElo "1930"]
[PlyCount "62"]
[EventDate "2019.04.14"]
[WhiteTeam "MK Phoenix 1"]
[BlackTeam "Iceni 2"]

1. b3 e5 2. Bb2 Nc6 3. e3 Nf6 4. Bb5 Bd6 5. Nh3 a6 6. Be2 b5 7. O-O Qe7 8. c4
bxc4 9. Bxc4 O-O 10. Nc3 Ba3 11. Bxa3 Qxa3 12. f4 Qa5 13. Qf3 Bb7 14. Qg3 e4
15. Nf2 d5 16. Be2 Ne7 17. Rac1 c5 18. d3 Nf5 19. Qh3 Nxe3 20. Qxe3 d4 21. Qh3
dxc3 22. dxe4 Qxa2 23. Bd3 h6 24. Rxc3 Rac8 25. Rfc1 Qd2 26. Qf5 Rc7 27. e5 Bc8
28. e6 Bxe6 29. Qe5 Qxf2+ 30. Kxf2 Ng4+ 31. Kg3 Nxe5 1/2-1/2

[Event "4NCL 3 South pool D"]
[Site "Daventry, ENG"]
[Date "2019.04.14"]
[Round "8.63"]
[White "Somton, Anita"]
[Black "Lambourne, Dan M"]
[Result "1/2-1/2"]
[WhiteElo "1982"]
[BlackElo "1976"]
[PlyCount "45"]
[EventDate "2019.04.14"]
[WhiteTeam "Iceni 2"]
[BlackTeam "MK Phoenix 1"]

1. d4 Nf6 2. Nf3 e6 3. c4 d5 4. g3 c5 5. cxd5 Nxd5 6. Bg2 Nc6 7. O-O Be7 8.
dxc5 Bxc5 9. Qc2 Qb6 10. Nc3 Nxc3 11. bxc3 h6 12. Rb1 Qc7 13. Nd4 O-O 14. Nxc6
bxc6 15. Qa4 Bd7 16. Rd1 Rab8 17. Rxb8 Rxb8 18. Qg4 Rb1 19. Bf1 Bf8 20. Bf4 Qb7
21. Rxb1 Qxb1 22. Bxh6 Qxa2 23. Qd4 1/2-1/2

[Event "4NCL 3 South pool D"]
[Site "Daventry, ENG"]
[Date "2019.04.14"]
[Round "8.64"]
[White "Elwin, Adrian G"]
[Black "Botham, C Paul"]
[Result "1-0"]
[WhiteElo "1983"]
[BlackElo "1948"]
[PlyCount "73"]
[EventDate "2019.04.14"]
[WhiteTeam "MK Phoenix 1"]
[BlackTeam "Iceni 2"]

1. d4 Nf6 2. c4 g6 3. Nc3 d5 4. Nf3 Bg7 5. Qb3 dxc4 6. Qxc4 O-O 7. e4 c6 8. Be2
Bg4 9. Be3 Nbd7 10. Rd1 Nb6 11. Qd3 Qc7 12. O-O Rad8 13. Qc2 Rc8 14. Qd2 Bxf3
15. gxf3 e5 16. dxe5 Qxe5 17. Bd4 Qe7 18. Qe3 c5 19. Bxf6 Bxf6 20. f4 Bd4 21.
Qf3 Rfe8 22. Bb5 Red8 23. e5 f6 24. exf6 Bxf6 25. Rde1 Qg7 26. Re6 Rc7 27. Rfe1
h6 28. Bd3 Rf8 29. Kh1 Kh8 30. Qe4 g5 31. fxg5 hxg5 32. Qg4 Re7 33. Rxe7 Bxe7
34. Qh3+ Kg8 35. Qe6+ Qf7 36. Kg2 Kg7 37. Qxe7 1-0